LIBRARY & INFORMATION CENTRE, KCAET, TAVANUR

ONLINE PUBLIC ACCESS CATALOGUE (OPAC)

Normal view MARC view
  • Sureshkumar, P. K. (Guide)

Entry Personal Name

Number of records used in: 1

001 - CONTROL NUMBER

  • control field: 7576

003 - CONTROL NUMBER IDENTIFIER

  • control field: OSt

005 - DATE AND TIME OF LATEST TRANSACTION

  • control field: 20250616155712.0

008 - FIXED-LENGTH DATA ELEMENTS

  • fixed length control field: 250616|| aca||aabn | a|a d

040 ## - CATALOGING SOURCE

  • Original cataloging agency: OSt
  • Transcribing agency: OSt

100 ## - HEADING--PERSONAL NAME

  • Personal name: Sureshkumar, P. K. (Guide)

670 ## - SOURCE DATA FOUND

  • Source citation: Work cat.: (OSt)19471: Ayisha Mangat, Investigations on physico-mechanical properties of coconut palm for the design and development of a coconut palm climber /, 2025
free website counter